000 00566nam a2200205Ia 4500
005 20250505124930.0
008 008 250505s9999 xx 000 0 eng d
037 _aReference
040 _aLCO
_beng
_cLCO
041 _aeng
_2eng
084 _aY15 R3
_qLCO
100 _aSepaha, Priya
_9753986
245 0 _aGender equality : Issues and challenge
_c Priya Sepaha
260 _aNew Delhi, India
_bSatyam law international
_c2023
300 _a243
365 _aINR
_b895
650 _aLaw
942 _cREF
_hY15 R3
999 _c1310728
_d1310728